| 000 | 01060nam a2200277 a 4500 | ||
|---|---|---|---|
| 003 | BLK | ||
| 005 | 20250103091547.0 | ||
| 008 | 180413b bul|||||r ||||||| ||bul|| | ||
| 040 | _aBLK | ||
| 041 |
_aBUL _cBUL |
||
| 080 |
_aАмериканска литература (на САЩ) _b821.111(73) _x-32 _z821.111(73)-32 |
||
| 084 | _aБ 80 | ||
| 100 | 1 |
_aБредбъри, Рей Дъглас _943146 |
|
| 245 | 1 | 0 |
_aНощен влак за Вавилон _bНови разкази _cРей Бредбъри; прев. от англ. Крум Бъчваров. |
| 257 | _aUSA | ||
| 260 |
_aСофия _bБард _c1999 _fХасково : Полиграфюг |
||
| 300 |
_a192 с. _c20 см |
||
| 380 | _aX | ||
| 490 |
_aИзбрана световна фантастика _v61 |
||
| 500 | _aОриг. загл. Driving Blind / Ray Bradbury. | ||
| 700 | 1 |
_aБъчваров, Крум _eпрев. от англ. _9364186 |
|
| 852 | _bО | ||
| 942 |
_cKNG _n0 |
||
| 944 |
_aED _c2024-01-03 _k30540 _lСевдалина Тодорова |
||
| 999 |
_c23314 _d23314 |
||